000 00525cam a22001217a 4500
008 180718b1981 xxu||||| |||| 00| 0 eng d
082 _aZ2x54 In2pd
245 _aPublic distribution of essential commodiies in India: objectives, policies and implementation presented at twenty-fifth annual conference of members of the IIPA, No. 1, 1981
260 _aNew Delhi
_bIndian Institute of Public Administration
_c1981
300 _a71p.
650 _aPublic distribution - India
700 _aIndian Institute of Public Administration
999 _c502043
_d502043